Á lódáil...

A commetary on Indian constituional Law

Sonraí Bibleagrafaíochta
Príomhúdar: Mehta, S M
Formáid: Printed Book
Foilsithe: New Delhi, Deep & Deep Publications 1990
Eagrán:Ed.2 rev
Ábhair:
LEADER 006100000a22002170004500
020 |a 81-7100-275-7 
022 |a 30-08-2009 
041 |a English 
082 |a 342.095 4 N0 
100 |a Mehta, S M 
245 |a A commetary on Indian constituional Law 
250 |a Ed.2 rev 
260 |a New Delhi, Deep & Deep Publications 
260 |c 1990 
650 |a Amendment act 
650 |a Constitution 
650 |a History 
650 |a India 
942 |c BK 
999 |c 147330  |d 147326 
952 |0 0  |1 0  |4 0  |6 342_095000000000000_4_N0  |7 0  |9 146096  |a SCC  |b SCC  |d 2017-10-11  |l 0  |o 342.095 4 N0  |p SCC06354  |r 2017-10-11  |w 2017-10-11  |y BK